<?xml version="1.0" encoding="UTF-8"?>
<record
    xmlns:xsi="http://www.w3.org/2001/XMLSchema-instance"
    xsi:schemaLocation="http://www.loc.gov/MARC21/slim http://www.loc.gov/standards/marcxml/schema/MARC21slim.xsd"
    xmlns="http://www.loc.gov/MARC21/slim">

  <leader>00944nam a2200217Ia 4500</leader>
  <datafield tag="999" ind1=" " ind2=" ">
    <subfield code="c">37502</subfield>
    <subfield code="d">37502</subfield>
  </datafield>
  <controlfield tag="001">3465</controlfield>
  <controlfield tag="003">GE_BSU</controlfield>
  <controlfield tag="005">20190604145954.0</controlfield>
  <controlfield tag="008">181216s1986||||ge |||||||||||||| ||geo||</controlfield>
  <datafield tag="040" ind1=" " ind2=" ">
    <subfield code="c">GE_BSU</subfield>
  </datafield>
  <datafield tag="041" ind1=" " ind2=" ">
    <subfield code="a">geo</subfield>
  </datafield>
  <datafield tag="080" ind1=" " ind2=" ">
    <subfield code="a">793(479.22)  &#x10D8;-96</subfield>
  </datafield>
  <datafield tag="100" ind1=" " ind2=" ">
    <subfield code="a">&#x10D8;&#x10E3;&#x10E1;&#x10E2;&#x10D8;&#x10DC;&#x10E1;&#x10D9;&#x10D0;&#x10D8;&#x10D0;, &#x10F0;&#x10D4;&#x10DC;&#x10E0;&#x10D8;&#x10D4;&#x10E2;&#x10D0;</subfield>
    <subfield code="9">2047</subfield>
  </datafield>
  <datafield tag="245" ind1=" " ind2=" ">
    <subfield code="a">&#x10D7;&#x10D0;&#x10DC;&#x10D0;&#x10DB;&#x10D4;&#x10D3;&#x10E0;&#x10DD;&#x10D5;&#x10D4; &#x10E5;&#x10D0;&#x10E0;&#x10D7;&#x10E3;&#x10DA;&#x10D8; &#x10ED;&#x10D4;&#x10D3;&#x10E3;&#x10E0;&#x10DD;&#x10D1;&#x10D0;= &#x421;&#x43E;&#x432;&#x440;&#x435;&#x43C;&#x435;&#x43D;&#x43D;&#x430;&#x44F; &#x413;&#x440;&#x443;&#x437;&#x438;&#x43D;&#x441;&#x43A;&#x430;&#x44F; &#x447;&#x435;&#x43A;&#x430;&#x43D;&#x43A;&#x430;=Modern Georgian chased art  /</subfield>
    <subfield code="c">&#x10F0;&#x10D4;&#x10DC;&#x10E0;&#x10D8;&#x10D4;&#x10E2;&#x10D0;, &#x10D8;&#x10E3;&#x10E1;&#x10E2;&#x10D8;&#x10DC;&#x10E1;&#x10D9;&#x10D0;&#x10D8;&#x10D0;.</subfield>
  </datafield>
  <datafield tag="264" ind1=" " ind2=" ">
    <subfield code="a">&#x10D7;&#x10D1;&#x10D8;&#x10DA;&#x10D8;&#x10E1;&#x10D8; :</subfield>
    <subfield code="b">&#x10EE;&#x10D4;&#x10DA;&#x10DD;&#x10D5;&#x10DC;&#x10D4;&#x10D1;&#x10D0;,</subfield>
    <subfield code="c">1986.</subfield>
  </datafield>
  <datafield tag="300" ind1=" " ind2=" ">
    <subfield code="a">134 &#x10D2;&#x10D5; .:</subfield>
    <subfield code="c">22 &#x10E1;&#x10DB;.</subfield>
  </datafield>
  <datafield tag="504" ind1=" " ind2=" ">
    <subfield code="a">&#x10D1;&#x10D8;&#x10D1;&#x10DA;&#x10D8;&#x10DD;&#x10D2;&#x10E0;.:&#x10D2;&#x10D5;.120-132</subfield>
  </datafield>
  <datafield tag="653" ind1=" " ind2=" ">
    <subfield code="a">&#x10D7;&#x10D0;&#x10DC;&#x10D0;&#x10DB;&#x10D4;&#x10D3;&#x10E0;&#x10DD;&#x10D5;&#x10D4; &#x10E5;&#x10D0;&#x10E0;&#x10D7;&#x10E3;&#x10DA;&#x10D8; &#x10ED;&#x10D4;&#x10D3;&#x10E3;&#x10E0;&#x10DD;&#x10D1;&#x10D0;</subfield>
  </datafield>
  <datafield tag="653" ind1=" " ind2=" ">
    <subfield code="a">&#x10E5;&#x10D0;&#x10E0;&#x10D7;&#x10E3;&#x10DA;&#x10D8; &#x10ED;&#x10D4;&#x10D3;&#x10E3;&#x10E0;&#x10DD;&#x10D1;&#x10D0;.</subfield>
  </datafield>
  <datafield tag="942" ind1=" " ind2=" ">
    <subfield code="c">BK</subfield>
    <subfield code="2">udc</subfield>
  </datafield>
  <datafield tag="952" ind1=" " ind2=" ">
    <subfield code="0">0</subfield>
    <subfield code="1">0</subfield>
    <subfield code="2">udc</subfield>
    <subfield code="4">0</subfield>
    <subfield code="6">79347922_&#x10D8;96</subfield>
    <subfield code="7">0</subfield>
    <subfield code="9">37692</subfield>
    <subfield code="a">SPL</subfield>
    <subfield code="b">SPL</subfield>
    <subfield code="c">GEN</subfield>
    <subfield code="d">2018-12-17</subfield>
    <subfield code="g">4.00</subfield>
    <subfield code="o">793(479.22)  &#x10D8;-96</subfield>
    <subfield code="p">10402</subfield>
    <subfield code="r">2018-12-17</subfield>
    <subfield code="t">10402</subfield>
    <subfield code="w">2018-12-17</subfield>
    <subfield code="y">BK</subfield>
    <subfield code="z">4 &#x10DA;.20 &#x10D7;.</subfield>
  </datafield>
</record>
